书目信息 |
| 题名: |
无线局域网
|
|
| 作者: | 钟章队 , 赵红礼 主编 | |
| 分册: | ||
| 出版信息: | 北京 科学出版社 2004 |
|
| 页数: | 288页 | |
| 开本: | 24cm | |
| 丛书名: | ||
| 单 册: | ||
| 中图分类: | TN92 , TN925 | |
| 科图分类: | ||
| 主题词: | 无线电通信--局部区域网络--高等学校--教材 , 局部区域网络 , 无线电接力通信 , 微波通信 | |
| 电子资源: | ||
| ISBN: | 7-03-012445-6 | |
| 000 | 01040nam0 2200313 450 | |
| 000 | 00992nam0 2200289 450 | |
| 000 | 00925nam0 2200265 450 | |
| 000 | 00889nam0 2200253 45 | |
| 005 | 20070525152949.68 | |
| 010 | @a7-03-012445-6@dCNY30.00 | |
| 100 | @a20070419d2004 em y0chiy0120 ea | |
| 101 | 0 | @achi |
| 102 | @aCN@b110000 | |
| 105 | @ay z 000yy | |
| 200 | 1 | @a无线局域网@AWu Xian Ju Yu Wang@f钟章队主编@FZhong Zhang Dui Zhu Bian@g赵红礼等编著 |
| 210 | @a北京@c科学出版社@d2004 | |
| 215 | @a288页@d24cm | |
| 300 | @a21世纪高等院校教材 | |
| 330 | @a本书从无线局域网的基本概念、发展以及应用开始,介绍了局域网的基础知识,无线局域网的理论基础,无线局域网的标准,各种具体的无线局域网等内容。 | |
| 606 | 0 | @a无线电通信@x局部区域网络@x高等学校@j教材 |
| 606 | 0 | @a局部区域网络 |
| 606 | 0 | @a无线电接力通信 |
| 606 | 0 | @a微波通信 |
| 690 | @aTN92@v4 | |
| 690 | @aTN925@v3 | |
| 701 | 0 | @a钟章队@AZhong Zhang Dui@4主编 |
| 701 | 0 | @a赵红礼@AZhao Hong Li@4编著 |
| 801 | 0 | @aCN@bTAOJIN@c20070525 |
| 905 | @a10447@dTN925@e42 | |
| 无线局域网/钟章队主编/赵红礼等编著.-北京:科学出版社,2004 |
| 288页;24cm |
| 21世纪高等院校教材 |
| ISBN 7-03-012445-6:CNY30.00 |
| 本书从无线局域网的基本概念、发展以及应用开始,介绍了局域网的基础知识,无线局域网的理论基础,无线局域网的标准,各种具体的无线局域网等内容。 |
| ● |
| 相关链接 |
|
|
|
|
正题名:无线局域网
索取号:TN925/42
 
预约/预借
| 序号 | 登录号 | 条形码 | 馆藏地/架位号 | 状态 | 备注 |
| 1 | 0522768 | 205227681 | 第二样本阅览室/ [索取号:TN925/42] | 在馆 | |
| 2 | 0522769 | 205227690 | 第三借阅区/ [索取号:TN925/42] | 在馆 | |
| 3 | 0522770 | 205227707 | 第三借阅区/ [索取号:TN925/42] | 在馆 | |
| 4 | 0522771 | 205227716 | 第三借阅区/ [索取号:TN925/42] | 在馆 | |
| 5 | 0522772 | 205227725 | 第三借阅区/ [索取号:TN925/42] | 在馆 | |
| 6 | 0522773 | 205227734 | 第三借阅区/ [索取号:TN925/42] | 在馆 | |
| 7 | 0522774 | 205227743 | 第三借阅区/ [索取号:TN925/42] | 在馆 | |
| 8 | 0522775 | 205227752 | 第三借阅区/ [索取号:TN925/42] | 在馆 |